000
00329 a2200157 4500
001
194560
020
_a
978-85-9526-015-3
040
_c
Magnum
100
_a
Figueiredo, Janaina de
240
1
0
_a
Nós de Axé
_l
por
245
1
0
_a
Nós de Axé
300
_a
40
362
0
_a
2018
697
_a
LITERATURA INFANTO
942
_c
BK
999
_c
194560
_d
194560